00452nam a2200121 a 4500008004100000050001500041110007800056245010100134260003200235300001500267350000900282650003900291100111s2007 ||||||||||||||||| || u aUNESCO(02) aUnited Nations Educational, Scientific and Cultural Organization (UNESCO)10aInternational Conference: Globalization: Challenges and Opportunities for Science and Technology aParisbUNITED NATIONSc2007 a269p. ;ill a0.00 aSCIENCE AND TECHNOLOGY--CONGRESSES